Экономика информационного общества; Энергия молодых - экономике России; Ч. 1

Detaylı Bibliyografya
Parent link:Энергия молодых - экономике России: труды IX Международной научно-практической конференции студентов и молодых ученых, г. Томск, 19-22 мая 2008 г./ Томский политехнический университет (ТПУ) ; Вольное экономическое общество России ; Международный союз экономистов (МСЭ).— , 2008
Ч. 1.— 2008.— С. 158-160
Yazar: Кулагина Н. Ю.
Dil:Rusça
Baskı/Yayın Bilgisi: 2008
Konular:
Materyal Türü: MixedMaterials Kitap Bölümü
KOHA link:https://koha.lib.tpu.ru/cgi-bin/koha/opac-detail.pl?biblionumber=158420

MARC

LEADER 00000naa2a2200000 4500
001 158420
005 20231031154418.0
035 |a (RuTPU)RU\TPU\book\171811 
090 |a 158420 
100 |a 20090423d2008 k y0rusy50 ca 
101 0 |a rus 
102 |a RU 
200 1 |a Экономика информационного общества  |f Н. Ю. Кулагина 
320 |a Библиогр.: 2 назв. 
461 1 |0 (RuTPU)RU\TPU\book\166087  |t Энергия молодых - экономике России  |o труды IX Международной научно-практической конференции студентов и молодых ученых, г. Томск, 19-22 мая 2008 г.  |f Томский политехнический университет (ТПУ) ; Вольное экономическое общество России ; Международный союз экономистов (МСЭ)  |d 2008 
463 0 |0 (RuTPU)RU\TPU\book\164801  |t Ч. 1  |v С. 158-160  |d 2008 
610 1 |a информационное общество 
610 1 |a экономика 
610 1 |a цивилизация 
610 1 |a развитие 
610 1 |a информация 
610 1 |a информационные технологии 
610 1 |a доиндустриальное общество 
610 1 |a индустриальное общество 
610 1 |a постиндустриальное общество 
610 1 |a труды учёных ТПУ 
700 1 |a Кулагина  |b Н. Ю. 
801 1 |a RU  |b 63413507  |c 20090423  |g PSBO 
801 2 |a RU  |b 63413507  |c 20161121  |g RCR 
942 |c BK